Komplexy SOD mimetickej aktivity v tuhom stave a v roztokoch. dizertačná práca

Guardado en:
Detalles Bibliográficos
Autor principal: Puchoňová, Miroslava
Formato: Libro
Lenguaje:eslovaco
Publicado: Bratislava STU FCHPT 2015
Acceso en línea:Ver en el OPAC
Etiquetas: Agregar Etiqueta
Sin Etiquetas, Sea el primero en etiquetar este registro!

MARC

LEADER 00000nam a2200000 a 4500
005 20260127134418.0
008 160302 2015 000 0 slo d
035 |a vtls011509294 
039 9 |y 201603020738  |z mschk02 
040 |a STUSCHK1  |b slo  |c STUSCHK1  |e AACR2 
100 1 |a Puchoňová, Miroslava 
245 1 |a Komplexy SOD mimetickej aktivity v tuhom stave a v roztokoch.  |b dizertačná práca  |c Miroslava Puchoňová 
260 |a Bratislava  |b STU FCHPT  |c 2015 
300 |a 147 s.  |b il.  |c 24 cm 
500 |a Školiace pracovisko: Odd. anorganickej chémie 
910 |a SCHK95 
999 |c 12155  |d 12155